Представление документа в формате MARC21

Поле Инд. ПП Название Значение
Тип записи a
Библиографический уровень b
001 Контрольный номер UNIDUBNA3b46f79f08224db6b334805070cc8825
005 Дата корректировки 20250609171605.6
008 Кодируемые данные 20170331
040 b Код языка каталог. rus
e Правила каталог. PSBO
041 0_ a Код языка текста rus
084 a Индекс другой классификации/Индекс ББК 60.993-35
100 1_ a Автор Юнг С. В.
100 1_ a Автор Бабкина Л. В.
245 10 a Заглавие Современные подходы к реабилитации и абилитации детей с ограниченными возможностями
520 0_ a Аннотация ...
650 14 a Основная рубрика социальная работа
653 0_ a Ключевые слова абилитация
a Ключевые слова группы дневного пребывания
a Ключевые слова дети с ограниченными возможностями
a Ключевые слова дети-инвалиды
a Ключевые слова дети-инвалиды
a Ключевые слова дистанционное обучение
a Ключевые слова игровые занятия
a Ключевые слова комплексная реабилитация
a Ключевые слова коррекционно-реабилитационная работа
a Ключевые слова медико-социальная реабилитация
a Ключевые слова образовательная деятельность
a Ключевые слова ограниченные возможности здоровья
a Ключевые слова оздоровление
a Ключевые слова психолого-педагогическая поддержка
a Ключевые слова психосоциальная реабилитация
a Ключевые слова реабилитационные технологии
a Ключевые слова семья
a Ключевые слова социальное благополучие
a Ключевые слова социальное сопровождение
a Ключевые слова социальные проекты
a Ключевые слова социальный патронаж
a Ключевые слова творческая деятельность
a Ключевые слова трудная жизненная ситуация
a Ключевые слова центры социального обслуживания
773 08 t Заглавие источника Работник социальной службы
d Дата издания источника 2023
g Прочая информация № 6. - С. 27 - 32
w Контрольный № источника UNIDUBNA80fdad96125a4f3d9570f2d64f3d3f56
901 t Тип документа b